مشعل جال / (Record no. 106947)

MARC details
000 -LEADER
fixed length control field 00790nam a22002537a 4500
005 - DATE AND TIME OF LATEST TRANSACTION
control field 20170123162319.0
010 ## - LIBRARY OF CONGRESS CONTROL NUMBER
LC control number A-466037
020 ## - INTERNATIONAL STANDARD BOOK NUMBER
Terms of availability 80.00
035 ## - SYSTEM CONTROL NUMBER
System control number A-466037
037 ## - SOURCE OF ACQUISITION
Source of stock number/acquisition Cen Lib/Ret
040 ## - CATALOGING SOURCE
Original cataloging agency DPL
Language of cataloging UR
082 ## - DEWEY DECIMAL CLASSIFICATION NUMBER
Classification number 841
Item number م ج ر
100 ## - MAIN ENTRY--PERSONAL NAME
Personal name مجروح سلطانپوری
9 (RLIN) 545
245 ## - TITLE STATEMENT
Title مشعل جال /
Statement of responsibility, etc مجروح سلطانپوری
246 ## - VARYING FORM OF TITLE
Title proper/short title Maashala-e-jaal /
Remainder of title by Majruh Sultanpuri
260 ## - PUBLICATION, DISTRIBUTION, ETC. (IMPRINT)
Place of publication, distribution, etc دو بئی
Name of publisher, distributor, etc سلیم جعفری
Date of publication, distribution, etc 1991
270 ## - ADDRESS
City دو بئی
Address پوسٹ باکس -٥٠٣٥
300 ## - PHYSICAL DESCRIPTION
Extent 150p.
Dimensions 21cm(Hb)
650 ## - SUBJECT ADDED ENTRY--TOPICAL TERM
Topical term or geographic name as entry element ادب - اردو
Form subdivision
9 (RLIN) 116191
650 ## - SUBJECT ADDED ENTRY--TOPICAL TERM
Topical term or geographic name as entry element اردو شاعری
9 (RLIN) 462
650 ## - SUBJECT ADDED ENTRY--TOPICAL TERM
Topical term or geographic name as entry element Literature -- Urdu
9 (RLIN) 116192
650 ## - SUBJECT ADDED ENTRY--TOPICAL TERM
Topical term or geographic name as entry element Urdu poetry
9 (RLIN) 116193
942 ## - ADDED ENTRY ELEMENTS (KOHA)
Source of classification or shelving scheme Dewey Decimal Classification
Koha item type Urdu Bks
Classification part 841
Call number suffix م ج ر
Holdings
Withdrawn status Lost status Damaged status Not for loan Home library Current library Date acquired Source of acquisition Cost, normal purchase price Total Checkouts Full call number Barcode Date last seen Copy number Cost, replacement price Price effective from Koha item type
        Central Library Central Library 31/12/2015 Cen Lib/Ret 80.00   841 م ج ر A-466037 31/12/2015 1 80.00 31/12/2015 Urdu Bks

© Delhi Public Library
Hit Counter
free hit counter